Introducción a la semántica

Uloženo v:
Podrobná bibliografie
Hlavní autor: Schaff, Adam (Autor)
Médium: Kniha
Jazyk:španělština
Vydáno: Ciudad de México Fondo de Cultura Económica 1966
Témata:
Tagy: Přidat tag
Žádné tagy, Buďte první, kdo vytvoří štítek k tomuto záznamu!

MARC

LEADER 00000nam a2200000 a 4500
001 UCJ9881
003 CL-VaPUC
008 070413e19660000MX |||||||||||||||||spa|d
082 0 4 |a 401.43  |b SCH  |2 21 
100 0 |a Schaff, Adam  |e author  |9 519935 
245 1 0 |a Introducción a la semántica 
300 |a 402 p 
942 |c BK 
945 |d 20070413 00:00:00  |a jtorresc 
260 |a Ciudad de México  |b Fondo de Cultura Económica  |c 1966 
500 |a Donación del Dr. Luis Gómez Macker 
650 0 |a Semántica  |9 265318 
650 0 |a Filosofía   |9 223554 
650 0 |a Lingüística  |9 265068 
583 |a last modification  |c 20070413 00:00:00  |k Rodrigo Vera 
999 |c 325224  |d 325222 
952 |0 0  |1 0  |4 0  |6 401_430000000000000_SCH_1966  |7 0  |8 A  |9 405858  |a FDOPOS  |b FDOPOS  |d 2019-11-22  |i 4272218  |o 401.43 SCH 1966  |p 4272218  |r 2025-01-22  |w 2019-11-22  |y BK  |k MLA